00389nam a2200109Ia 4500008004100000245010600041260003500147260000900182300000900191650001300200856006600213170516s9999 xx 000 0 und d aFormulation and Evaluation of Gastro Retentive Floating Microspheres of Nimodipine Dr. Vasudha Bakshi bAsian Journal of Pharmaceutics c2016 a10:4 xPharmacy uhttp://www.asiapharmaceutics.info/index.php/ajp/issue/view/71